Statistics for Best Country At The World Cup By Each Letter

Click here to take the quiz!

General Stats

  • This quiz has been taken 37 times
  • The average score is 21 of 25

Answer Stats

LetterCountry% Correct
BBrazil
100%
DDenmark
100%
FFrance
100%
IItaly
100%
A
Argentina
97%
JJapan
97%
EEngland
94%
GGermany
94%
PPortugal
94%
CCroatia
91%
HHungary
91%
QQatar
88%
RRussia
88%
ZZambia
88%
NNetherlands
84%
UUnited States
84%
VVenezuela
84%
YYemen
84%
OOman
81%
MMorocco
75%
SSwitzerland
69%
TTunisia
69%
WWales
59%
LLuxembourg
47%
KKorea
41%

Score Distribution

Percentile by Number Answered

Percent of People with Each Score

Your Score History

You have not taken this quiz